| 000 | 00572nam a22002057a 4500 | ||
|---|---|---|---|
| 999 |
_c187 _d187 |
||
| 003 | OSt | ||
| 005 | 20191002094817.0 | ||
| 008 | 140711b xxu||||| |||| 00| 0 eng d | ||
| 020 | _a0443023417 | ||
| 040 | _cDNLM | ||
| 082 | _aBBQS 504 W56f 1987 | ||
| 100 |
_aWheater Paul R.;Burkitt, H.G.; Daniels, V.G. _9483 |
||
| 245 |
_aFunctional Histology: _b a text and colour atlas |
||
| 250 | _a2nd Ed | ||
| 260 |
_aLondon; _bChurchill, _c1987 |
||
| 300 |
_b348 p,: _c28 cm. _eCol. ill; |
||
| 500 | _aIncludes Index, References | ||
| 650 |
_a Histology _9484 |
||
| 942 |
_2z _cO_SHELF |
||